LEADER 01169cam2 22002773 450 001 SON0004521 005 20240222085014.0 010 $a8808069982 100 $a20010210d1990 |||||ita|0103 ba 101 $aita 102 $aIT 200 1 $aDell'affitto di fondi rustici, dell'affitto a coltivatore diretto$eart. 1628-1654$fEmilio Romagnoli: introduzione, art. 1628 n. 1-6, art. 1629-1630, Alberto Germanò: art. 1628 n. 7-25, art. 1631-1654 210 $aBologna$cZanichelli$aRoma$cSoc. ed. del Foro italiano$d1990 215 $aXXXIV, 634 p.$d25 cm 461 1$1001SOBE00043636$12001 $aLibro quarto : Delle obbligazioni 700 1$aRomagnoli$b, Emilio$3AF00009248$4070$068205 701 1$aGermanò, Alberto$3AF00011048$4070$0405168 801 0$aIT$bUNISOB$c20240222$gRICA 850 $aUNISOB 852 $aUNISOB$j340|Coll|31|C$m99929 912 $aSON0004521 940 $aM 102 Monografia moderna SBN 941 $aM 957 $a340|Coll|31|C$b000022$gSI$d99929$rACQUISTO$p135.000$1menle$2UNISOB$3UNISOB$420140611124249.0$520240222085005.0$6Alfano 996 $aDell'affitto di fondi rustici, dell'affitto a coltivatore diretto$9665785 997 $aUNISOB